BSOP header

You don't have to quit {ch} / (Record no. 23245)

MARC details
000 -LEADER
fixed length control field 00762nam a2200217 4500
008 - FIXED-LENGTH DATA ELEMENTS--GENERAL INFORMATION
fixed length control field 050525s2001 -hk chi
020 ## - INTERNATIONAL STANDARD BOOK NUMBER
International Standard Book Number 9622084249
090 ## - LOCALLY ASSIGNED LC-TYPE CALL NUMBER (OCLC); LOCAL CALL NUMBER (OCLC)
Classification number (OCLC) (R) ; Classification number, CALL (RLIN) (NR) BV4509.C5
Local cutter number (OCLC) ; Book number/undivided call number, CALL (RLIN) Or8y
100 1# - MAIN ENTRY--PERSONAL NAME
Personal name Ortlund, Anne
245 10 - TITLE STATEMENT
Title You don't have to quit {ch} /
Statement of responsibility, etc Anne Ortlund and Ray Ortlund; trans. by P.H. Ho.
250 ## - EDITION STATEMENT
Edition statement Chinese ed.
260 ## - PUBLICATION, DISTRIBUTION, ETC. (IMPRINT)
Place of publication, distribution, etc HOng Kong :
Name of publisher, distributor, etc Tien Dao Publishing House,
Date of publication, distribution, etc 2001.
300 ## - PHYSICAL DESCRIPTION
Extent iii, 243 p.
490 1# - SERIES STATEMENT
Series statement Spiritual renewal series
500 ## - GENERAL NOTE
General note Originally published by Thomas Nelson Publishers, 1988.
650 #4 - SUBJECT ADDED ENTRY--TOPICAL TERM
Topical term or geographic name as entry element Christian life {ch}.
650 #4 - SUBJECT ADDED ENTRY--TOPICAL TERM
Topical term or geographic name as entry element Success
General subdivision Religious aspects
-- Christianity {ch}.
951 ## - EQUIVALENCE OR CROSS-REFERENCE-GEOGRAPHIC NAME/AREA NAME [OBSOLETE] [CAN/MARC only]
General subdivision 00030892
700 1# - ADDED ENTRY--PERSONAL NAME
Personal name Ho, P. H.
700 1# - ADDED ENTRY--PERSONAL NAME
Personal name Ortlund, Ray
951 ## - EQUIVALENCE OR CROSS-REFERENCE-GEOGRAPHIC NAME/AREA NAME [OBSOLETE] [CAN/MARC only]
-- C-6521
-- BV4509.C5/Or8y
-- 070613111453359
-- 2000-12-21
-- CH
Holdings
Withdrawn status Lost status Damaged status Not for loan Home library Current library Shelving location Date acquired Accession number Shelving control number Total Checkouts Full call number Barcode Date last seen Price effective from Koha item type Source of classification or shelving scheme
        BSOP Library BSOP Library Chinese Books (General Circulation) 12/21/2000 C-6521 127   BV4509.C5/Or8y 00030892 02/23/2013 02/23/2013 Books  
        BSOP Library BSOP Library Chinese Books (General Circulation) 07/04/2015 C-14485     CH BV 4509.C5 Or8y c.2 00046990 07/04/2015 07/04/2015 Books Library of Congress Classification
BSOP

Biblical Seminary of the Philippines
  All rights Reserved
  © 2024

CONTACT INFORMATION

Biblical Seminary of the Philippines,
  77-B Karuhatan Road, Valenzuela City,
  PHILIPPINES 1441
  Phone: +632 8292-6795 / 8292-6798
  Fax : +632 8292-6675
  Email: library@bsop.edu.ph